villes fortnite du chapitre 1 en français - Statistiques

Statistiques générales
  • Ce quiz a été pris 932 fois
  • Le résultat moyen est 8 sur 15
Statistiques - réponses
villes traductions % Correct
Champ fatal Fatal Field
97%
Ville de tomates Tomato Town
87%
Tour Inclinée Tilted Tower
85%
Lac de butin Loot Lake
73%
Atterrissage chanceux Lucky Landing
72%
Palmier paradisiaque Paradise Palms
69%
Collines hantées Haunted Hills
52%
Ligne de vente de detail Retail Row
50%
Sources salées Salty Springs
50%
Liens paresseux Lazy Links
41%
Parc Agréable Pleasent Park
40%
Rouleaux risqués Risky Reels
38%
Remontoir poussiéreux Dusty Divot
14%
Bosquet Gras Greasy Grove
13%
Carrefour Indésirable Junk Junction
12%
Aucun quiz correspondant
Distribution des résultats
% des personnes avec chaque résultat
Percentile par nombre de réponses
Votre historique - résultats
Vous n’avez pas pris ce quiz